Seven decades of Independent India : (Record no. 83122)
[ view plain ]
| 000 -LEADER | |
|---|---|
| fixed length control field | 00612nam a22002297a 4500 |
| 003 - CONTROL NUMBER IDENTIFIER | |
| control field | OSt |
| 005 - DATE AND TIME OF LATEST TRANSACTION | |
| control field | 20240805114855.0 |
| 008 - FIXED-LENGTH DATA ELEMENTS--GENERAL INFORMATION | |
| fixed length control field | 240805b |||||||| |||| 00| 0 eng d |
| 020 ## - INTERNATIONAL STANDARD BOOK NUMBER | |
| International Standard Book Number | 9780143456384 |
| 040 ## - CATALOGING SOURCE | |
| Transcribing agency | STCL |
| 041 ## - LANGUAGE CODE | |
| Language code of text/sound track or separate title | English |
| 082 ## - DEWEY DECIMAL CLASSIFICATION NUMBER | |
| Classification number | 954 |
| Item number | VIN-S |
| 245 ## - TITLE STATEMENT | |
| Title | Seven decades of Independent India : |
| Remainder of title | ideas and reflecions / |
| Statement of responsibility, etc. | Edited by Vinod Rai |
| 260 ## - PUBLICATION, DISTRIBUTION, ETC. | |
| Place of publication, distribution, etc. | India : |
| Name of publisher, distributor, etc. | Penguin Random House , |
| Date of publication, distribution, etc. | 2021 . |
| 300 ## - PHYSICAL DESCRIPTION | |
| Extent | 294 p. |
| 650 ## - SUBJECT ADDED ENTRY--TOPICAL TERM | |
| Topical term or geographic name entry element | History and Geography |
| 650 ## - SUBJECT ADDED ENTRY--TOPICAL TERM | |
| Topical term or geographic name entry element | Asia |
| 650 ## - SUBJECT ADDED ENTRY--TOPICAL TERM | |
| Topical term or geographic name entry element | India and South Asia |
| 942 ## - ADDED ENTRY ELEMENTS (KOHA) | |
| Koha item type | Books |
| 700 ## - ADDED ENTRY--PERSONAL NAME | |
| Personal name | Rai,Vinod (Ed.) |
| 942 ## - ADDED ENTRY ELEMENTS (KOHA) | |
| Source of classification or shelving scheme | Dewey Decimal Classification |
| Suppress in OPAC | No |
| Withdrawn status | Lost status | Source of classification or shelving scheme | Damaged status | Collection code | Not for loan | Home library | Current library | Shelving location | Date acquired | Total Checkouts | Full call number | Barcode | Date last seen | Price effective from | Koha item type |
|---|---|---|---|---|---|---|---|---|---|---|---|---|---|---|---|
| Dewey Decimal Classification | History | ST. THOMAS COLLEGE LIBRARY, PALAI | ST. THOMAS COLLEGE LIBRARY, PALAI | History | 2024-08-05 | 954 VIN-S | 91803 | 2024-08-05 | 2024-08-05 | Books |
